1268 1863 1818 1857 1553 1887 1024 1032 1753 1715 1355 1118 1690 1325 1045 1633 1160 1748 1838 1618 1463 1560 1127 1667 1409 1706 1276 1878 1447 1754 1552 1806 1881 1692 1158 1108 1815 1108 1260 1823 1156 1434 1353 1399 1515 1292 1539 1780 1651 1137 1781 1430 1914 1538 1313 1843 1890 1902 1589 1043 1453 1170 1433 1411 1421 1894 1795 1798 1862 1883 1696 1644 1002 1828 1847 1694 1206 1292 1814 1724 1252 1437 1941 1756 1569 1977 1364 1850 1166 1959 1549 1313 1517 1394 1308 1566 1735 1607 1237 BCNSPRNW ULIB Ver.6.0+V

เปลี่ยนเป็นภาษาไทย

Change to English
 แสดงรายละเอียดบรรณานุกรม
  กลับหน้าหลัก

Brief Record : Get Marc (ISO 2709) : E-mail record : QR code < ปิดหน้าต่าง
LEADER : 00000nam 2200000uu 4500
001    13399115004
003     ULIB
008    120628s2552||||th 000 0 tha d
020    ^a9789749941331
060 04 ^aQT^bว724C 2548
245 00 ^aChula is atlas of basic human anatomy /^cวิไล ชินธเนศ ...
250    ^aพิมพ์ครั้งที่ 6
260    ^aกรุงเทพฯ :^bภาควิชากายวิภาคศาสตร์ คณะแพทยศาสตร์,^c2552
300    ^a204 หน้า :^bภาพประกอบ ;^c30 ซม.
591    ^aLISC มีฉบับพิมพ์ครั้งที่ 7 (2552)
650  4 ^aกายวิภาคศาสตร์
700 0  ^aวิไล ชินธเนศ
710 2  ^aจุฬาลงกรณ์มหาวิทยาลัย. ^bคณะแพทยศาสตร์.
945    ^p180^l0^i16506
995    ^aกัณชพร
999 ^a ใช้งานได้ทุกระบบ
รายการนี้ยังไม่มีแท็ก
คุณยังไม่ได้ล็อกอิน คุณสามารถมีกิจกรรมร่วมกับเว็บไซต์ได้ แต่ต้องล็อกอินก่อน ::
  ล็อกอิน

รายการสื่อสารสนเทศ

ลำดับที่ ประเภท เลขเรียก/บาร์โค้ด สถานที่ สถานะ
- ไม่พบข้อมูล -

รายการใกล้เคียง
    หัวเรื่อง [กายวิภาคศาสตร์]

BibComment


ยังไม่เคยถูกคอมเมนท์

คอมเมนท์ทรัพยากรรายการนี้
  คอมเมนท์: Chula is atlas o..


 Copyright 2026. Bcnsprnw @Library